000 00667nam a2200205 4500
001 137025
003 ES-MaACL
005 20230906195306.0
007 t|
008 070214s1956 es r ||||1| spa d
100 1 _aSalarrué.
_9101716
245 1 3 _aEl señor de la burbuja /
_cSalarrué [seud. de Salvador Salazar Arrué].
260 _aSan Salvador :
_bMinisterio de Cultura, Departamento Editorial,
_c1956.
300 _a180 p. ;
_c18 cm.
490 1 _aBiblioteca popular ;
_v13
710 1 _aEl Salvador.
_bMinisterio de Cultura.
_93462
830 0 _aBiblioteca popular ;
_v13
_9181768
852 _aES-MaACL
_jC-15186
_bR.41944
999 _c137025
_d137025